[Event "AUT-ch U14"]
[Site "Woerth"]
[Date "2015.05.25"]
[Round "5.10"]
[White "Kipman, Felix"]
[Black "Pawlik, Noel"]
[Result "0-1"]
[WhiteElo "1309"]
[BlackElo "1620"]
[PlyCount "104"]
[EventDate "2015.05.23"]
[EventType "swiss"]
[EventRounds "7"]
[EventCountry "AUT"]
[SourceTitle "EXT 2024"]
[Source "ChessBase"]
[SourceDate "2023.10.10"]
[SourceVersion "1"]
[SourceVersionDate "2023.10.10"]
[SourceQuality "1"]

1. e4 e6 2. d4 d5 3. Nc3 Nf6 4. e5 Nfd7 5. a3 c5 6. Nf3 cxd4 7. Qxd4 Nc6 8. Qf4 Qc7 9. Bb5 Bc5 10. b4 Bb6 11. 0-0 0-0 12. Bb2 f6 13. Bxc6 bxc6 14. Qg3 fxe5 15. Na4 Ba6 16. Rfe1 Rf7 17. Nc5 Nxc5 18. Bxe5 Qe7 19. bxc5 Bxc5 20. Ra2 Bc4 21. Rb2 Bxa3 22. Ng5 Rf5 23. Nxe6 Rxe5 24. Qxe5 Bxb2 25. Qxb2 d4 26. Qxd4 Bxe6 27. Qe4 Re8 28. Qxc6 Qf7 29. Qb5 Bd7 30. Rxe8+ Qxe8 31. Qb3+ Qe6 32. Qxe6+ Bxe6 33. Kf1 a5 34. Ke1 Bd5 35. g3 a4 36. Kd1 Kf7 37. Kc1 a3 38. c3 Kf6 39. Kc2 Kf5 40. Kb1 Ke4 41. Ka1 Kf3 42. h4 Kxf2 43. g4 Kg3 44. h5 Kxg4 45. h6 gxh6 46. Kb1 h5 47. Kc2 h4 48. c4 Bxc4 49. Kc3 a2 50. Kb2 h3 51. Ka1 h2 52. Kb2 h1Q 0-1

[Event "AUT-ch U14"]
[Site "Woerth"]
[Date "2015.05.24"]
[Round "4.10"]
[White "Pawlik, Noel"]
[Black "Wischounig, Laurin"]
[Result "0-1"]
[WhiteElo "1620"]
[BlackElo "1545"]
[PlyCount "74"]
[EventDate "2015.05.23"]
[EventType "swiss"]
[EventRounds "7"]
[EventCountry "AUT"]
[SourceTitle "EXT 2024"]
[Source "ChessBase"]
[SourceDate "2023.10.10"]
[SourceVersion "1"]
[SourceVersionDate "2023.10.10"]
[SourceQuality "1"]

1. d4 d5 2. c4 e6 3. Nc3 Be7 4. Nf3 Nf6 5. cxd5 exd5 6. Bg5 c6 7. Qc2 g6 8. e3 Bf5 9. Qd2 Nbd7 10. Nh4 Ne4 11. Nxe4 Bxe4 12. Bxe7 Qxe7 13. Nf3 0-0 14. Bd3 Nb6 15. b3 Nd7 16. Qe2 Qb4+ 17. Nd2 Qc3 18. Bxe4 Qxa1+ 19. Bb1 Qc3 20. 0-0 f5 21. Rd1 Qb4 22. Nf3 Qe7 23. e4 fxe4 24. Re1 Rf7 25. Qd2 Qd6 26. Ng5 Rf6 27. Qe3 Qf4 28. Qxf4 Rxf4 29. b4 h6 30. Nh3 Rf6 31. g4 g5 32. Re3 Nb6 33. Bc2 Raf8 34. Bd1 Nc4 35. Re1 Nd2 36. Re3 Nf3+ 37. Kg2 Nxd4 0-1